Guess the Youtubers - Statistics

General Stats
  • This quiz has been taken 424 times
  • The average score is 3 of 15
Answer Stats
Hint Answer % Correct
Who WON the best British Vlogger Zoella
56%
Who has the Fastest youtube Channel PewDiePie
55%
Who sang Happy Little Pill Troye Sivan
50%
Who is the brother (above) ThatcherJoe
43%
Who is Lia Marie Johnson's Boyfriend Jc Caylen
29%
Who Calls gold in Minecraft "Butter" SkyDoesMinecraft
29%
Gaming Girl Doing Minecrat lets play with pink hair LDShadowLady
27%
Who has purple and blue hair ihasCupquake
14%
Who has a Dog named Grim TheDiamondMinecart
14%
Who is really Good in REDSTONE Sethbling
8%
Who does Mod Showcase's alot popularMMOS
7%
What is the REAL name of iiBallisticSquid David
6%
Who is good in Hunger Games AntVenom
5%
Whats the Second channel of Jc Caylen Our2ndLife
5%
ifggeoiqhgiufhbdhbgihgeuw HI!
1%
No matching quizzes found
Score Distribution
Percent of People with Each Score
Percentile by Number Answered
Your Score History
You have not taken this quiz